Top 20 Budget Airline 2024 - Statistics

General Stats
  • This quiz has been taken 992 times
    143 since last reset
  • The average score is 9 of 20
Answer Stats
# Country Answer % Correct
10 Ireland Ryanair
94%
11 United Kingdom EasyJet
77%
1 Malaysia Air Asia
68%
6 India IndiGo
60%
2 Singapore Scoot
60%
14 Germany Eurowings
55%
8 Latvia airBaltic
52%
12 United Arab Emirates flyDubai
52%
15 Australia Jetstar Airways
52%
19 Singapore Jetstar Asia
52%
7 Spain Vueling Airlines
51%
9 Spain Iberia Express
46%
13 United Kingdom Jet2.com
38%
5 France Transavia France
31%
18 United States Allegiant Air
29%
3 Spain Volotea
23%
4 Saudi Arabia Flynas
22%
20 United States Sun Country Airlines
18%
17 Chile JetSMART Airlines
16%
16 Chile SKY Airline
15%
No matching quizzes found
Score Distribution
Percent of People with Each Score
Percentile by Number Answered
Your Score History
You have not taken this quiz since the last reset